College Quizbowl Stats
College Quizbowl Stats
Circuits
Seasons
Sets
Records
Detailed Stats
About
Loading...
Lower Mid-Atlantic
Tossups
Bonuses
Players
Teams
Categories (Tossup)
Categories (Bonus)
Jason Cottle
Clemson B
Categories
Category
Powers
Gets
Negs
BBs
Points
Earliest Buzz
Avg. Buzz
First Buzzes
Top 3 Buzzes
BPA
PVF
Fine Arts - Other
0
2
0
1
20
93
105.50
0
1
2.96
8.41
Fine Arts - Painting and Sculpture
0
1
0
0
10
122
122.00
0
0
0.43
4.55
Mythology
0
1
0
1
10
139
139.00
0
0
0.00
0.91
Social Science
0
0
1
0
-5
0.00
0
0
0.00
0.00
Buzzes
Category
Answer
Value
Buzz Position
Fine Arts - Other
Iran
10
93
Social Science
leisure
-5
117
Fine Arts - Other
Yoko Ono
10
118
Fine Arts - Painting and Sculpture
Athena
10
122
Mythology
Kalevala
10
139
Previous
1
Next